[Event "SR 2. liga A 2007/2008"]
[Site "?"]
[Date "2007.10.06"]
[Round "1.1"]
[White "Cvicela, Anton"]
[Black "Rachela, Milan"]
[Result "1-0"]
[WhiteElo "2251"]
[BlackElo "2312"]
[PlyCount "98"]
[EventDate "2007.??.??"]

1. e4 e5 2. Nf3 Nc6 3. d4 exd4 4. Nxd4 Bc5 5. Be3 Qf6 6. c3 Nge7 7. g3 d5 8.
Bg2 Bxd4 9. cxd4 dxe4 10. Nc3 O-O 11. Nxe4 Qg6 12. O-O Be6 13. Nc5 Bd5 14. Nxb7
Bxg2 15. Kxg2 Rab8 16. Nc5 Rxb2 17. d5 Nf5 18. Bc1 Rc2 19. Nd3 Ncd4 20. Kh1 Qa6
21. Nb4 Qc4 22. Nxc2 Nxc2 23. Rb1 Re8 24. Bf4 Nfd4 25. f3 h6 26. Rb7 Re2 27.
Rxc7 Qxa2 28. g4 f5 29. gxf5 Ne3 30. Rxg7+ Kxg7 31. Qxd4+ Kh7 32. Rg1 Nxf5 33.
Qf6 Qxd5 34. Qg6+ Kh8 35. Qg4 Qe6 36. Bxh6 Re1 37. Bg7+ Kh7 38. Qh5+ Nh6 39.
Bxh6 Rxg1+ 40. Kxg1 Qe1+ 41. Kg2 Qe2+ 42. Kh3 Qf1+ 43. Kg4 Qg2+ 44. Kf5 Qc2+
45. Kf4 Qd2+ 46. Ke4 Qc2+ 47. Kd4 Qb2+ 48. Kd3 Qb1+ 49. Ke2 Qb5+ 1-0

[Event "SR 2. liga A 2007/2008"]
[Site "?"]
[Date "2007.10.06"]
[Round "1.1"]
[White "Janos, Martin"]
[Black "Hrivnak, Martin"]
[Result "1-0"]
[WhiteElo "2262"]
[BlackElo "2190"]
[PlyCount "67"]
[EventDate "2007.??.??"]

1. d4 Nf6 2. Bg5 c5 3. d5 e5 4. Nc3 d6 5. e4 Nbd7 6. f3 Be7 7. Be3 h5 8. Nh3
Nf8 9. Nf2 Ng6 10. g3 h4 11. Qd2 Nh5 12. Rg1 a6 13. O-O-O b5 14. Re1 Bd7 15.
Ncd1 b4 16. Bc4 a5 17. f4 hxg3 18. hxg3 exf4 19. gxf4 Nh4 20. Qe2 Kf8 $138 21.
Kb1 a4 22. Nd3 Qc7 23. Bd2 Re8 24. Qf2 Ng6 25. Rxg6 fxg6 26. Qg2 Rh6 27. f5 g5
28. N1f2 Qd8 29. Nh3 Bf6 30. Nxg5 Rh8 31. Ne6+ Bxe6 32. dxe6 Bd4 33. Rh1 Qf6
34. Bg5 1-0

[Event "SR 2. liga A 2007/2008"]
[Site "?"]
[Date "2007.10.06"]
[Round "1.1"]
[White "Likavsky, Tomas"]
[Black "Tibensky, Robert"]
[Result "1-0"]
[WhiteElo "2496"]
[BlackElo "2431"]
[PlyCount "133"]
[EventDate "2007.??.??"]

1. d4 d5 2. c4 Nc6 3. Nc3 dxc4 4. d5 Ne5 5. f4 Ng6 6. e4 e5 7. dxe6 Qxd1+ 8.
Kxd1 fxe6 9. Bxc4 Bd7 10. Nf3 h6 11. Kc2 Bc5 12. Bd2 N8e7 13. Rad1 Nc6 14. Bc1
a6 15. a3 b5 16. Bb3 Rf8 17. g3 Rd8 18. Rhe1 Bc8 19. e5 Rxd1 20. Kxd1 Nge7 21.
Ne4 Bb6 22. Be3 Nd5 23. Bxb6 Nxb6 24. Ke2 Na5 25. Ba2 Nac4 26. Nd4 Kf7 27. Bxc4
bxc4 28. Rc1 Rd8 29. Nc6 Rd5 30. Nc3 Rc5 31. Nd4 Bb7 32. Ke3 a5 33. Rc2 a4 34.
h4 Ke7 35. h5 Ra5 36. g4 Nd7 37. Nce2 Nb6 38. Nc3 Rc5 39. Rc1 Ra5 40. Ke2 Nd7
41. Ke3 Nb6 42. Nde2 Bc6 43. Rg1 Be8 44. Rc1 Bc6 45. Rg1 Be8 46. Rd1 Nd7 47.
Rd4 Nb6 48. Kf2 Bc6 49. Kg3 Be8 50. Kh4 Ra8 51. g5 hxg5+ 52. Kxg5 Rb8 53. Ng3
Bf7 54. Rd2 Ra8 55. Re2 Rb8 56. f5 exf5 57. Nxf5+ Kf8 58. e6 Be8 59. Rd2 Ra8
60. Rd8 Ra5 61. h6 gxh6+ 62. Kf6 Rxf5+ 63. Kxf5 Ke7 64. Rd2 c6 65. Rg2 h5 66.
Rg7+ Kd8 67. Ke5 1-0

[Event "SR 2. liga A 2007/2008"]
[Site "?"]
[Date "2007.10.06"]
[Round "1.1"]
[White "Seitler, Andrej"]
[Black "Antala, Jan"]
[Result "1-0"]
[WhiteElo "2227"]
[BlackElo "1942"]
[PlyCount "75"]
[EventDate "2007.??.??"]

1. d4 Nf6 2. c4 g6 3. Nf3 Bg7 4. Nc3 O-O 5. e4 d6 6. Be2 Nc6 7. h3 e5 8. d5 Nb8
9. O-O Bd7 10. Be3 Na6 11. Ne1 Ne8 12. Nd3 f5 13. f4 Bh6 14. Qd2 Qh4 15. fxe5
Bxe3+ 16. Qxe3 dxe5 17. Nxe5 f4 18. Qf2 Qe7 19. Nxd7 Qxd7 20. e5 Qe7 21. Qd4 g5
22. Ne4 b6 23. a3 Nc5 24. Rae1 Nxe4 25. Qxe4 Nd6 26. Qd4 Nf5 27. Qc3 Ng3 28.
Rf3 Qc5+ 29. Kh2 Ne4 30. Qb4 Qd4 31. Bd3 Nf2 32. Qd2 Nxd3 33. Rxd3 Qxc4 34. Rc3
Qb5 35. Rxc7 Qe8 36. d6 Qh5 37. Qd5+ Kh8 38. e6 1-0

[Event "SR 2. liga A 2007/2008"]
[Site "?"]
[Date "2007.10.06"]
[Round "1.1"]
[White "Vass, Frantisek"]
[Black "Petrik, Stanislav"]
[Result "1-0"]
[WhiteElo "2417"]
[BlackElo "2223"]
[PlyCount "63"]
[EventDate "2007.??.??"]

{B07: Pirc Defence: Miscellaneous Systems} 1. d4 Nf6 2. Bg5 Ne4 3. h4 Nxg5 4.
hxg5 g6 5. Nf3 Bg7 6. e3 b6 7. Bd3 Bb7 8. Nbd2 c5 9. c3 Nc6 10. Qa4 a6 11. Ke2
b5 12. Qd1 c4 13. Bc2 d6 14. Rh4 h5 15. gxh6 Bf6 16. Rh2 d5 17. g4 Qc7 18. Qg1
e5 19. g5 Be7 20. dxe5 Nxe5 21. Nxe5 Qxe5 22. Nf3 Qc7 23. Qg4 Bc5 24. Rh4 O-O
25. Nd4 Rae8 26. a3 Qe5 27. Rg1 Kh7 28. Qf3 Bd6 29. Kd2 Qe7 30. Qh3 Be5 31. Nf5
gxf5 32. Qxf5+ 1-0

[Event "SR 2. liga A 2007/2008"]
[Site "?"]
[Date "2007.10.06"]
[Round "1.2"]
[White "Biro, Karol"]
[Black "Balogh, Tomas"]
[Result "0-1"]
[WhiteElo "2188"]
[BlackElo "2362"]
[PlyCount "92"]
[EventDate "2007.??.??"]

{B07: Pirc Defence: Miscellaneous Systems} 1. d4 g6 2. Nf3 Nf6 3. Bg5 Bg7 4.
Nc3 d5 5. Qc1 h6 6. Bf4 c6 7. e3 g5 8. Bg3 Bf5 9. Bd3 e6 10. Qd1 Qe7 11. Ne5
Bxd3 12. Nxd3 Nbd7 13. h4 Ne4 14. Ne2 c5 15. hxg5 hxg5 16. Rxh8+ Bxh8 17. c3 c4
18. Nb4 Bg7 19. Qa4 Kf8 20. Nc2 Nb6 21. Qa3 Qxa3 22. Nxa3 Bf6 23. O-O-O Be7 24.
Nc2 Kg7 25. Rh1 Rh8 26. Rxh8 Kxh8 27. f3 Nxg3 28. Nxg3 Bd6 29. Ne2 f5 30. g3
Kg7 31. Ne1 Nd7 32. f4 g4 33. Ng2 Nf6 34. Kc2 Kf7 35. Kc1 Ne4 36. Kc2 Be7 37.
Kc1 Ke8 38. Kc2 Kd7 39. Kc1 Kc6 40. Kc2 Kb5 41. Kc1 Ka4 42. Kc2 a5 43. Kc1 b5
44. Nh4 Nxg3 45. Nxg3 Bxh4 46. Ne2 Bf2 0-1

[Event "SR 2. liga A 2007/2008"]
[Site "?"]
[Date "2007.10.06"]
[Round "1.2"]
[White "Klemanic, Emil"]
[Black "Gasa, Andrej"]
[Result "1-0"]
[WhiteElo "2285"]
[BlackElo "2214"]
[PlyCount "85"]
[EventDate "2007.??.??"]

1. e4 c5 2. Nc3 Nc6 3. f4 g6 4. Nf3 Bg7 5. g3 d6 6. Bg2 Bg4 7. h3 Bxf3 8. Qxf3
e6 9. O-O Nge7 10. d3 Nd4 11. Qd1 Rb8 12. Ne2 O-O 13. Nxd4 cxd4 14. g4 Qd7 15.
f5 exf5 16. exf5 f6 17. Bf4 Rbc8 18. Rf2 Kh8 19. Qf3 d5 20. fxg6 hxg6 21. Re1
b6 22. Rfe2 Rf7 23. a3 Kg8 24. Qg3 Rc6 25. Rxe7 Rxe7 26. Rxe7 Qxe7 27. Bxd5+
Re6 28. Qe1 Kf7 29. Bb8 a6 30. Ba7 Bh6 31. Qxe6+ Qxe6 32. Bxe6+ Kxe6 33. Bxb6
Ke5 34. Bc7+ Kd5 35. a4 Bc1 36. c4+ Kc5 37. Bd8 Kb4 38. b3 Kc3 39. c5 Kxd3 40.
c6 Bf4 41. c7 Bxc7 42. Bxc7 Kc3 43. h4 1-0

[Event "SR 2. liga A 2007/2008"]
[Site "?"]
[Date "2007.10.06"]
[Round "1.2"]
[White "Kosegi, Marek"]
[Black "Abel, Peter"]
[Result "1-0"]
[WhiteElo "1979"]
[BlackElo "2205"]
[PlyCount "65"]
[EventDate "2007.??.??"]

1. e4 Nf6 2. e5 Nd5 3. d4 d6 4. c4 Nb6 5. exd6 cxd6 6. Nf3 Bg4 7. h3 Bxf3 8.
Qxf3 Nc6 9. Be3 g6 10. Nc3 Bg7 11. Rd1 O-O 12. Be2 e6 13. O-O d5 14. cxd5 exd5
15. Rfe1 Rc8 16. Qg3 a6 17. h4 Ne7 18. Bg4 Rc4 19. h5 Nc6 20. Be2 Rb4 21. Rd2
Nxd4 22. a3 Nxe2+ 23. Rdxe2 Rb3 24. Bg5 Qc8 25. h6 Bh8 26. Qf4 f6 27. Bh4 Qc4
28. Qd6 g5 29. Qe6+ Rf7 30. Qd6 Rf8 31. Qe6+ Rf7 32. Qf5 Rd7 33. Re8+ 1-0

[Event "SR 2. liga A 2007/2008"]
[Site "?"]
[Date "2007.10.06"]
[Round "1.2"]
[White "Lauf, Pavol"]
[Black "Machalova, Veronika"]
[Result "0-1"]
[WhiteElo "2158"]
[BlackElo "2191"]
[PlyCount "78"]
[EventDate "2007.??.??"]

1. c4 e5 2. Nc3 Nc6 3. e3 d6 4. d4 g6 5. Nf3 Bg7 6. Be2 Nge7 7. O-O O-O 8. a3
h6 9. dxe5 Nxe5 10. Nxe5 dxe5 11. Qc2 c6 12. b3 f5 13. Bb2 Qc7 14. Rad1 Be6 15.
Rd2 Rad8 16. Rfd1 Rxd2 17. Qxd2 Nc8 18. Na4 b6 19. b4 Kh7 20. Nc3 Qf7 21. c5
bxc5 22. bxc5 Qe7 23. Na4 Bb3 24. Qb4 Bxd1 25. Bxd1 Qd7 26. Bb3 Ne7 27. h3 Nd5
28. Qc4 Rb8 29. Bc1 Qb7 30. Ba2 e4 31. Qc2 Be5 32. f4 $138 exf3 $138 33. gxf3
Qe7 34. e4 Bd4+ 35. Kh1 fxe4 36. fxe4 Qh4 37. Qh2 Qxe4+ 38. Qg2 Qe1+ 39. Kh2
Be5+ 0-1

[Event "SR 2. liga A 2007/2008"]
[Site "?"]
[Date "2007.10.06"]
[Round "1.2"]
[White "Petenyi, Tamas"]
[Black "Skreno, Vladimir"]
[Result "1/2-1/2"]
[WhiteElo "2196"]
[BlackElo "2062"]
[PlyCount "129"]
[EventDate "2007.??.??"]

1. e4 c5 2. Nf3 Nc6 3. Nc3 g6 4. d4 cxd4 5. Nxd4 Bg7 6. Be3 Nf6 7. Nxc6 bxc6 8.
e5 Nd5 9. Nxd5 cxd5 10. Qxd5 Rb8 11. Bc4 O-O 12. O-O Bb7 13. Qd3 Qc7 14. f4
Rfc8 15. Bb3 Qc6 16. Rf2 a5 17. a4 d6 18. Bd4 Ba6 19. Qe3 Bc4 20. Bxc4 Qxc4 21.
Bc3 e6 22. Rd2 dxe5 23. fxe5 Bf8 24. Kh1 Bb4 25. Rd3 Qh4 26. Qd2 Bxc3 27. Rxc3
Rd8 28. Rd3 Rxd3 29. Qxd3 Rxb2 30. Rf1 Rb8 31. c4 Rd8 32. Qf3 Rd7 33. Qa8+ Kg7
34. Qxa5 Qxc4 35. Qb5 Qd5 36. Qxd5 Rxd5 37. Re1 Kf8 38. Kg1 Ke7 39. Kf2 Kd7 40.
Kf3 Kc6 41. Re4 Rd1 42. Kf2 Rd7 43. Ke3 Kc5 44. Rf4 Rb7 45. Rf2 Kd5 46. Kf4 h6
47. Rd2+ Kc5 48. Kf3 Ra7 49. Rd8 Kc6 50. Rd6+ Kc5 51. Rd8 g5 52. g3 Rxa4 53.
Rd7 g4+ 54. Ke3 Ra3+ 55. Kf4 Ra2 56. Kxg4 Rxh2 57. Kf3 Rh1 58. Kg2 Re1 59. Rxf7
Rxe5 60. Kf3 Kd6 61. Rh7 h5 62. Rh8 Ra5 63. Rh7 Rg5 64. Kf4 Rf5+ 65. Ke4
1/2-1/2

[Event "SR 2. liga A 2007/2008"]
[Site "?"]
[Date "2007.10.06"]
[Round "1.3"]
[White "Farkas, Gabor"]
[Black "Gazi, Mikulas"]
[Result "1-0"]
[WhiteElo "2333"]
[BlackElo "2184"]
[PlyCount "111"]
[EventDate "2007.??.??"]

{B07: Pirc Defence: Miscellaneous Systems} 1. d4 Nf6 2. c4 g6 3. Nc3 d5 4. cxd5
Nxd5 5. e4 Nxc3 6. bxc3 Bg7 7. Bc4 c5 8. Ne2 Nc6 9. O-O O-O 10. Be3 cxd4 11.
cxd4 b6 12. Rc1 Bb7 13. Qa4 a6 14. Bd5 b5 15. Qa3 Qd7 16. Bxc6 Bxc6 17. d5 Bb7
18. Nf4 a5 19. Nd3 b4 20. Nc5 Qb5 21. Qb3 Ba6 22. Nxa6 Rxa6 23. Rc5 Qb7 24. Qc4
Raa8 25. Rc7 Rfc8 26. Rc6 a4 27. Rc1 Bc3 28. Bd4 Bxd4 29. Rxc8+ Rxc8 30. Qxc8+
Qxc8 31. Rxc8+ Kg7 32. Rc4 Bc3 33. Kf1 a3 34. Ke2 Kf6 35. f4 h5 36. Kd3 Be1 37.
Rc1 Bf2 38. Rb1 e5 39. fxe5+ Kxe5 40. Rxb4 g5 41. Rb7 f5 42. exf5 Kxd5 43. f6
Ke6 44. f7 Bc5 45. Ke4 Be7 46. f8=N+ Bxf8 47. Rb6+ Bd6 48. g3 h4 49. g4 Kd7 50.
Rxd6+ Kxd6 51. Kf5 Kd5 52. Kxg5 Kc4 53. Kxh4 Kc3 54. g5 Kb2 55. g6 Kxa2 56. g7
1-0

[Event "SR 2. liga A 2007/2008"]
[Site "?"]
[Date "2007.10.06"]
[Round "1.3"]
[White "Godula, Martin"]
[Black "Lobodas, Andrej"]
[Result "0-1"]
[WhiteElo "2191"]
[BlackElo "1938"]
[PlyCount "98"]
[EventDate "2007.??.??"]

1. e4 e6 2. d4 d5 3. Nd2 c5 4. exd5 Qxd5 5. Ngf3 Nf6 6. Bc4 Qd8 7. O-O a6 8. a4
Bd6 9. Nb3 b6 10. dxc5 bxc5 11. Qe2 O-O 12. Rd1 Qc7 13. Bd2 Nbd7 14. Bc3 Bb7
15. Na5 Bxf3 16. Qxf3 Bxh2+ 17. Kh1 Be5 18. Bd2 Nb6 19. c3 Nbd5 20. Nb3 Rab8
21. Nc1 a5 22. Nd3 Bd6 23. Bg5 Be7 24. Bb5 Rfd8 25. Re1 Nd7 26. Bxe7 Nxe7 27.
Nf4 Ne5 28. Qe4 N7g6 29. Nh5 Qb7 30. Qe3 Nh4 31. Qg3 Neg6 32. f3 Rd2 33. Re2
Rxe2 34. Bxe2 Qxb2 35. Re1 Rd8 36. Nf4 Nxf4 37. Qxf4 Ng6 38. Qg5 Rd2 39. Bc4 h6
40. Qg3 Qxc3 41. Bxe6 Qf6 42. Bh3 Nf4 43. Re4 Nxh3 44. Qxh3 Rd1+ 45. Kh2 Qd6+
46. f4 Qd7 47. Qe3 Qg4 48. g3 Qh5+ 49. Kg2 Qh1+ 0-1

[Event "SR 2. liga A 2007/2008"]
[Site "?"]
[Date "2007.10.06"]
[Round "1.3"]
[White "Lahucky, Pavol"]
[Black "Csiba, Dominik"]
[Result "0-1"]
[WhiteElo "2094"]
[BlackElo "2111"]
[PlyCount "66"]
[EventDate "2007.??.??"]

1. c4 c6 2. Nc3 d5 3. cxd5 cxd5 4. d4 Nf6 5. e3 Nc6 6. Nf3 e6 7. Bb5 Bd6 8. O-O
O-O 9. Re1 a6 10. Bxc6 bxc6 11. Ne5 c5 12. f4 Bd7 13. Nxd7 Nxd7 14. Na4 Rb8 15.
Bd2 cxd4 16. exd4 Qf6 17. Re5 Bxe5 18. fxe5 Qh4 19. Bc3 Rfc8 20. Be1 Qg5 21.
Bd2 Qg6 22. Bc3 Rc4 23. b3 Rc6 24. Qf3 Rbc8 25. Bb2 Rc2 26. Bc3 Qe4 27. Qxe4
dxe4 28. Bb2 Re2 29. Bc3 Nb6 30. Nc5 Nd5 31. Ba5 Nf4 32. g3 Nh3+ 33. Kh1 e3 0-1

[Event "SR 2. liga A 2007/2008"]
[Site "?"]
[Date "2007.10.06"]
[Round "1.3"]
[White "Machalova, Erika"]
[Black "Macka, Oto"]
[Result "1-0"]
[WhiteElo "2094"]
[BlackElo "2044"]
[PlyCount "89"]
[EventDate "2007.??.??"]

1. d4 Nf6 2. c4 c5 3. d5 e6 4. Nc3 exd5 5. cxd5 d6 6. e4 g6 7. Be2 Bg7 8. Nf3
O-O 9. O-O Bg4 10. Nd2 Bxe2 11. Qxe2 Re8 12. Qd3 Nbd7 13. f4 Rb8 14. a4 a6 15.
a5 Qc7 16. Kh1 b5 17. axb6 Rxb6 18. Ra3 Rb4 19. Rxa6 c4 20. Qf3 Nb8 21. Ra4
Rxa4 22. Nxa4 Nfd7 23. Qe2 Rc8 24. Nf3 Qa5 25. Qc2 Qa6 26. Re1 Nb6 27. Nc3 N8d7
28. Be3 Nc5 29. Bxc5 Rxc5 30. Rd1 Ra5 31. e5 Ra1 32. exd6 Rxd1+ 33. Qxd1 Nd7
34. Qe2 $138 Qxd6 $138 35. Qxc4 Nb6 36. Qc6 Qb4 37. Qe8+ Bf8 38. Ne5 Qe7 39.
Qxe7 Bxe7 40. Kg1 f6 41. Nc6 Bd6 42. g3 Nc4 43. Ne4 Bc7 44. b3 Na5 45. Nxa5 1-0

[Event "SR 2. liga A 2007/2008"]
[Site "?"]
[Date "2007.10.06"]
[Round "1.3"]
[White "Polasek, Filip"]
[Black "Janos, Ivan"]
[Result "1-0"]
[WhiteElo "2102"]
[BlackElo "2120"]
[PlyCount "81"]
[EventDate "2007.??.??"]

1. e4 g6 2. d4 Bg7 3. Nf3 d6 4. Nc3 a6 5. Be3 Nc6 6. Qd2 Bg4 7. Be2 Bxf3 8.
gxf3 Nf6 9. O-O-O h5 10. f4 e5 11. fxe5 dxe5 12. d5 Nd4 13. Bxd4 exd4 14. Qxd4
O-O 15. Qd3 Qd6 16. Qg3 Bh6+ 17. Kb1 Bf4 18. Qh4 Rfe8 19. Rdg1 Kf8 20. Bd3 Be5
21. Nd1 c6 22. f4 Bxf4 23. Rf1 g5 24. Qf2 h4 25. Nc3 cxd5 26. exd5 Nxd5 27. Ne4
Qb6 28. Nc5 Qc6 29. Be4 Rac8 30. Bxd5 Qxd5 31. Nd3 Be3 32. Qf6 Bd4 33. Qh6+ Bg7
34. Qh5 Rc7 35. Rhg1 Qc4 36. Qxg5 Qd4 37. Rg4 Bf6 38. Qg8+ Ke7 39. Re1+ Be5 40.
Qxe8+ Kxe8 41. Rxd4 1-0

[Event "SR 2. liga A 2007/2008"]
[Site "?"]
[Date "2007.10.06"]
[Round "1.4"]
[White "Chovanec, Vladimir"]
[Black "Kubon, Kamil"]
[Result "1/2-1/2"]
[WhiteElo "2106"]
[BlackElo "2053"]
[PlyCount "37"]
[EventDate "2007.??.??"]

1. Nf3 d5 2. g3 Nf6 3. Bg2 e6 4. O-O Bd6 5. d4 O-O 6. b3 c5 7. e3 Nbd7 8. Bb2
b6 9. Nbd2 Ba6 10. Re1 Rc8 11. e4 dxe4 12. Ng5 cxd4 13. Bxd4 Bc5 14. Bxc5 Nxc5
15. c4 b5 16. cxb5 Bxb5 17. Ndxe4 Nfxe4 18. Nxe4 Nxe4 19. Bxe4 1/2-1/2

[Event "SR 2. liga A 2007/2008"]
[Site "?"]
[Date "2007.10.06"]
[Round "1.4"]
[White "Hazir, Svetozar"]
[Black "Horvath, Mario"]
[Result "1/2-1/2"]
[WhiteElo "2130"]
[BlackElo "2283"]
[PlyCount "61"]
[EventDate "2007.??.??"]

{B07: Pirc Defence: Miscellaneous Systems} 1. e4 c5 2. Nc3 Nc6 3. f4 g6 4. Nf3
Bg7 5. Bc4 d6 6. O-O e6 7. d3 Nge7 8. Qe1 Nd4 9. Nxd4 cxd4 10. Ne2 O-O 11. Ng3
d5 12. Bb3 dxe4 13. dxe4 h6 14. Bd2 a5 15. Bc4 Qc7 16. Bd3 f5 17. Rc1 Nc6 18.
c3 Qb6 19. Kh1 Qxb2 20. Bc4 Kh7 21. e5 dxc3 22. Bxc3 Qa3 23. Rd1 Re8 24. Rf3
Qc5 25. Qe2 Bf8 26. a4 Qb6 27. h4 Qc7 28. h5 Qf7 29. hxg6+ Qxg6 30. Rfd3 Be7
31. Qh5 1/2-1/2

[Event "SR 2. liga A 2007/2008"]
[Site "?"]
[Date "2007.10.06"]
[Round "1.4"]
[White "Jurcak, Marian"]
[Black "Matulik, Daniel"]
[Result "1/2-1/2"]
[WhiteElo "1891"]
[BlackElo "2163"]
[PlyCount "158"]
[EventDate "2007.??.??"]

1. e4 c6 2. d4 d5 3. Nc3 dxe4 4. Nxe4 Bf5 5. Ng3 Bg6 6. h4 h6 7. Nf3 Nd7 8. h5
Bh7 9. Bd3 Bxd3 10. Qxd3 Qc7 11. Bd2 e6 12. O-O-O O-O-O 13. Ne4 Ngf6 14. g3
Nxe4 15. Qxe4 Nf6 16. Qe2 Bd6 17. Ne5 Bxe5 18. dxe5 Nd5 19. g4 c5 20. b3 Ne7
21. f4 Rd7 22. Rh3 Rhd8 23. Rd3 Rxd3 24. cxd3 Qd7 25. Kc2 Nc6 26. Bc3 Ne7 27.
Qe3 b6 28. Qe4 Qd5 29. a3 Qxe4 30. dxe4 Rxd1 31. Kxd1 Kd7 32. Ke2 Kc6 33. Kd3
g6 34. Bd2 Ng8 35. a4 a6 36. f5 exf5 37. exf5 gxh5 38. gxh5 Kd5 39. Bf4 b5 40.
a5 c4+ 41. bxc4+ bxc4+ 42. Ke3 Ne7 43. f6 Nc6 44. Bxh6 Kxe5 45. Bg5 Kf5 46. Bh4
Nxa5 47. Kd4 Nc6+ 48. Kxc4 Ne5+ 49. Kd5 Nf3 50. Bf2 Kxf6 51. Be3 Ng5 52. Kc6
Nh7 53. Kb6 Kf5 54. Kxa6 Nf6 55. h6 Kg6 56. Kb5 Ng4 57. Bf4 Nxh6 58. Kc4 Ng4
59. Kd4 Kf5 60. Bg3 Kg5 61. Ke4 Nf6+ 62. Kf3 Kf5 63. Bb8 Nd7 64. Bc7 Ne5+ 65.
Kg3 Ke4 66. Kf2 Nf3 67. Bg3 f5 68. Bd6 Ng5 69. Bc7 Ne6 70. Bd6 Nf4 71. Bb8 Nd3+
72. Kf1 Ne5 73. Kf2 f4 74. Bxe5 Kxe5 75. Kf3 Kf5 76. Kf2 Ke4 77. Ke2 f3+ 78.
Kf2 Kf4 79. Kf1 Ke3 1/2-1/2

[Event "SR 2. liga A 2007/2008"]
[Site "?"]
[Date "2007.10.06"]
[Round "1.4"]
[White "Lesny, Stefan"]
[Black "Hertel, Ondrej"]
[Result "1-0"]
[WhiteElo "2114"]
[BlackElo "2051"]
[PlyCount "83"]
[EventDate "2007.??.??"]

1. e4 c6 2. f4 d5 3. e5 Bf5 4. Nf3 e6 5. d3 Nd7 6. Nc3 Ne7 7. Ne2 c5 8. Ng3 h5
9. Be2 h4 10. Nxf5 Nxf5 11. Ng5 Be7 12. Nh3 Nb6 13. c3 Qc7 14. Bf3 c4 15. d4
Nd7 16. O-O b5 17. a3 Nb8 18. Bd2 Nc6 19. Bg4 g6 20. Ng5 Qb6 21. Bxf5 gxf5 22.
Nf3 O-O-O 23. b4 Kb7 24. a4 a6 25. Rf2 Ra8 26. axb5 axb5 27. Be1 Rxa1 28. Qxa1
Ra8 29. Ra2 Rxa2 30. Qxa2 Bxb4 31. cxb4 Nxd4 32. Bf2 Nxf3+ 33. gxf3 Qc6 34.
Qa7+ Kc8 35. Qc5 Qxc5 36. Bxc5 c3 37. Kf2 c2 38. Be3 d4 39. Bd2 Kd7 40. Ke2 Kc6
41. Kd3 Kd5 42. h3 1-0

[Event "SR 2. liga A 2007/2008"]
[Site "?"]
[Date "2007.10.06"]
[Round "1.4"]
[White "Syrovy, Ivan"]
[Black "Hecko, Dusan"]
[Result "1-0"]
[WhiteElo "2097"]
[BlackElo "2123"]
[Annotator "Fritz 9 (20s)"]
[PlyCount "99"]
[EventDate "2007.??.??"]

{B19: Classical Caro-Kann: 4...Bf5 main line} 1. e4 c6 2. d4 d5 3. Nd2 dxe4 4.
Nxe4 Bf5 5. Ng3 Bg6 6. h4 h6 7. Nf3 Nd7 8. h5 Bh7 9. Bd3 Bxd3 10. Qxd3 Qc7 11.
Bd2 Ngf6 12. O-O-O e6 13. Ne2 ({kniz. Fritz} 13. Ne4 O-O-O 14. g3 Nxe4 15. Qxe4
Bd6 16. c4 c5 17. Bc3 Nf6 18. Qe2 cxd4 19. Nxd4 a6 20. Nf3 Rd7 21. Ne5 Bxe5 22.
Bxe5 Qa5 23. Bxf6 Rxd1+ 24. Rxd1 gxf6 25. Rd3) 13... O-O-O 14. Kb1 Qb6 15. Qb3
Qxb3 $11 16. axb3 Bd6 17. Rh4 b6 18. Nc3 Kc7 19. g4 Be7 20. g5 hxg5 21. Bxg5
Rde8 22. Rdh1 Nd5 {idea je Nf6-d5-e7-g8-h6.} 23. Ne4 Bxg5 24. Nfxg5 f6 25. Nf3
Ne7 26. Ng3 Ng8 27. Re4 Nh6 28. Rhe1 Kd6 29. c4 (29. Nh4 Rh7 30. Nhf5+ Nxf5 31.
Nxf5+ Kc7 32. Rg1 $16) 29... c5 30. dxc5+ bxc5 (30... Nxc5 31. Rd4+ Kc7 32. b4
e5 33. Rd2 Ne6 $11) 31. Rd1+ Kc6 32. b4 a6 33. bxc5 Nxc5 34. Red4 Re7 $2 {
zbytocny tah, siedma rada je kryta a oslabuje osmu} (34... a5 $15) 35. Kc2 Rb8
36. Rd8 Rxd8 37. Rxd8 Ng4 $2 (37... Kc7 $142 38. Rd2 a5 $11) 38. b4 $16 Nd7 (
38... Kc7 $5 39. Ra8 Kb7 $18) 39. Nd4+ $18 Kd6 $2 (39... Kc7 $142 40. Rg8 a5
41. Nb5+ Kb6 $18) 40. Ra8 Nxf2 41. Rxa6+ Kc7 42. Rxe6 Rf7 $19 43. c5 Ne5 44.
Nb5+ Kd8 45. c6 Rf8 46. c7+ Kd7 47. Rd6+ Kc8 48. Nf5 Ne4 49. Ne7+ Kb7 50. Rd8
1-0

[Event "SR 2. liga A 2007/2008"]
[Site "?"]
[Date "2007.10.06"]
[Round "1.5"]
[White "Blatnicky, Miroslav"]
[Black "Sosovicka, Juraj"]
[Result "0-1"]
[WhiteElo "2163"]
[BlackElo "1964"]
[PlyCount "128"]
[EventDate "2007.??.??"]

1. e4 e5 2. Nf3 Nc6 3. Bb5 a6 4. Ba4 Nf6 5. O-O Be7 6. Bxc6 dxc6 7. Nxe5 Nxe4
8. Re1 Qd4 9. Qf3 Qxe5 10. Rxe4 Qf5 11. Qe2 Be6 12. d3 O-O-O 13. Re5 Qg6 14.
Nc3 Bf6 15. Re3 Rhe8 16. Ne4 Bd5 17. Ng3 Rxe3 18. Qxe3 Kb8 19. Qc5 b6 20. Qa3
Kb7 21. Be3 Re8 22. c4 Be6 23. Rc1 Bg5 24. b4 Bxe3 25. fxe3 Qg5 26. d4 Bf5 27.
Nxf5 Qxf5 28. Qb3 Qe4 29. Rc3 f5 30. Qd1 g5 31. Qd3 f4 32. Qxe4 Rxe4 33. exf4
Rxf4 34. Rd3 c5 35. dxc5 bxc5 36. bxc5 Rxc4 37. Rd5 h6 38. Re5 Rc2 39. a3 Rc3
40. Re6 Rxa3 41. Rxh6 Ra5 42. c6+ Kb6 43. g3 Rc5 44. h4 gxh4 45. gxh4 a5 46.
Rg6 a4 47. Rg3 Kxc6 48. Rh3 Ra5 49. Rc3+ Kb5 50. Rxc7 a3 51. Rc1 Ra4 52. Ra1
Kb4 53. Kf2 Kb3 54. Kg3 Kb2 55. Rf1 a2 56. Rf2+ Kc3 57. Rxa2 Rxa2 58. Kg4 Kd4
59. Kg5 Ke5 60. h5 Rg2+ 61. Kh6 Kf6 62. Kh7 Kf7 63. Kh6 Rh2 64. Kg5 Kg7 0-1

[Event "SR 2. liga A 2007/2008"]
[Site "?"]
[Date "2007.10.06"]
[Round "1.5"]
[White "Cibicek, Jozef"]
[Black "Kovac, Andrej"]
[Result "0-1"]
[WhiteElo "1996"]
[BlackElo "1904"]
[PlyCount "66"]
[EventDate "2007.??.??"]

1. d4 Nf6 2. Bg5 Ne4 3. Bf4 d5 4. Nd2 Bf5 5. e3 e6 6. Bd3 Bb4 7. c3 Be7 8. Nxe4
dxe4 9. Bc2 Nd7 10. f3 Nf6 11. g4 Bg6 12. g5 Nh5 13. h4 Nxf4 14. exf4 Qd5 15.
Bb3 Qc6 16. d5 Qb6 17. Qe2 O-O-O 18. fxe4 exd5 19. Bxd5 c6 20. O-O-O cxd5 21.
f5 Bh5 22. Qxh5 Qe3+ 23. Rd2 dxe4 24. Qe2 Bc5 25. Kc2 Qf4 26. b4 Bb6 27. Qc4+
Kb8 28. Re2 Qf1 29. Rxe4 Qd1+ 30. Kb2 Rd2+ 31. Ka3 Bxg1 32. Re7 Qc1+ 33. Ka4
Qd1+ 0-1

[Event "SR 2. liga A 2007/2008"]
[Site "?"]
[Date "2007.10.06"]
[Round "1.5"]
[White "Diviak, Rastislav"]
[Black "Beles, Milan"]
[Result "1-0"]
[WhiteElo "2014"]
[BlackElo "2105"]
[PlyCount "41"]
[EventDate "2007.??.??"]

1. e4 c5 2. Nf3 d6 3. d4 cxd4 4. Nxd4 Nf6 5. Nc3 e5 6. Nb3 Be6 7. Be2 Be7 8.
O-O O-O 9. Kh1 a5 10. Be3 a4 11. Nd2 a3 12. b3 Qa5 13. Na4 d5 14. Bb6 Qb4 15.
Bc7 Nxe4 16. Nxe4 Qxe4 17. Bf3 Qd4 18. Qxd4 exd4 19. Nb6 Ra6 20. Nxd5 Bd8 21.
Bxb8 1-0

[Event "SR 2. liga A 2007/2008"]
[Site "?"]
[Date "2007.10.06"]
[Round "1.5"]
[White "Gajarsky, Roman"]
[Black "Obdrzalkova, Anita"]
[Result "1/2-1/2"]
[WhiteElo "1981"]
[BlackElo "2064"]
[PlyCount "45"]
[EventDate "2007.??.??"]

1. e4 c5 2. c4 d6 3. Nc3 Nc6 4. d3 Nf6 5. h3 g6 6. Be2 Bg7 7. Rb1 O-O 8. Be3
Re8 9. Qd2 e6 10. Bh6 Bh8 11. Bg5 Nd4 12. Bd1 Qc7 13. f4 a6 14. Nge2 Nd7 15.
O-O b5 16. Nxd4 Bxd4+ 17. Kh1 b4 18. Ne2 Bg7 19. Bc2 Nb6 20. b3 f5 21. d4 Bb7
22. exf5 exf5 23. d5 1/2-1/2

[Event "SR 2. liga A 2007/2008"]
[Site "?"]
[Date "2007.10.06"]
[Round "1.5"]
[White "Janko, Ladislav"]
[Black "Farkas, Vladimir"]
[Result "1-0"]
[WhiteElo "2195"]
[BlackElo "2076"]
[PlyCount "53"]
[EventDate "2007.??.??"]

{B07: Pirc Defence: Miscellaneous Systems} 1. e4 d6 2. d4 g6 3. Nc3 Bg7 4. Bg5
h6 5. Be3 Nf6 6. f3 O-O 7. Qd2 Kh7 8. O-O-O c6 9. g4 Ng8 10. h4 Qc7 11. g5 h5
12. f4 b5 13. Bh3 e6 14. f5 exf5 15. exf5 Bxf5 16. Bxf5 gxf5 17. Qe2 Ne7 18.
Qxh5+ Kg8 19. Qf3 b4 20. Nce2 c5 21. Ng3 Nbc6 22. Nxf5 Nxf5 23. Qxf5 Nxd4 24.
Bxd4 Bxd4 25. Nf3 Bg7 26. h5 c4 27. h6 1-0

[Event "SR 2. liga A 2007/2008"]
[Site "?"]
[Date "2007.10.06"]
[Round "1.6"]
[White "Hurban, Martin"]
[Black "Pusec, Pavel"]
[Result "0-1"]
[WhiteElo "1897"]
[BlackElo "2163"]
[PlyCount "60"]
[EventDate "2007.??.??"]

1. e4 d6 2. d4 Nf6 3. Nc3 g6 4. Be2 c6 5. g4 h6 6. h3 b5 7. a3 a6 8. Qd3 Nbd7
9. Bd2 Bb7 10. Bf3 Qc7 11. g5 hxg5 12. Bxg5 Bg7 13. O-O-O c5 14. dxc5 Nxc5 15.
Qe3 Ne6 16. Nge2 Nxg5 17. Bg2 Ne6 18. Kb1 O-O-O 19. Nd5 Nxd5 20. exd5 Nc5 21.
Rhe1 e5 22. Nc3 f5 23. f3 Kb8 24. b4 Na4 25. Nxa4 bxa4 26. Bf1 Rc8 27. c4 Qf7
28. Ka2 Rh4 29. Qb6 Qc7 30. Qg1 Rxc4 0-1